<?xml version="1.0" encoding="UTF-8"?>
<record
    xmlns:xsi="http://www.w3.org/2001/XMLSchema-instance"
    xsi:schemaLocation="http://www.loc.gov/MARC21/slim http://www.loc.gov/standards/marcxml/schema/MARC21slim.xsd"
    xmlns="http://www.loc.gov/MARC21/slim">

  <leader>02816nam a2200253Ia 4500</leader>
  <controlfield tag="003">OSt</controlfield>
  <controlfield tag="005">20211021161312.0</controlfield>
  <controlfield tag="008">210310s1973    mx     fr     001 0 spa d</controlfield>
  <datafield tag="040" ind1=" " ind2=" ">
    <subfield code="a">CO-JMCR</subfield>
    <subfield code="c">CO-JMCR</subfield>
  </datafield>
  <datafield tag="041" ind1="1" ind2=" ">
    <subfield code="a">spa</subfield>
    <subfield code="h">eng</subfield>
  </datafield>
  <datafield tag="082" ind1="0" ind2="4">
    <subfield code="a">338.098 /</subfield>
    <subfield code="b">W776d</subfield>
    <subfield code="2">23</subfield>
  </datafield>
  <datafield tag="100" ind1="1" ind2=" ">
    <subfield code="a">Winnie JR., William W.,</subfield>
    <subfield code="9">17900</subfield>
    <subfield code="e">autor</subfield>
  </datafield>
  <datafield tag="245" ind1="1" ind2="0">
    <subfield code="a">Desarrollo latinoamericano : </subfield>
    <subfield code="b">enfoque te&#xF3;rico, operativo y por sectores / </subfield>
    <subfield code="c">William W. Winnie JR.</subfield>
  </datafield>
  <datafield tag="250" ind1=" " ind2=" ">
    <subfield code="a">Primera edici&#xF3;n</subfield>
  </datafield>
  <datafield tag="260" ind1=" " ind2=" ">
    <subfield code="a">M&#xE9;xico : </subfield>
    <subfield code="b">Editorial Diana : Centro Regional de Ayuda T&#xE9;cnica, </subfield>
    <subfield code="c">1973</subfield>
  </datafield>
  <datafield tag="300" ind1=" " ind2=" ">
    <subfield code="a">283 p&#xE1;ginas ; </subfield>
    <subfield code="c">22 cm.</subfield>
  </datafield>
  <datafield tag="500" ind1=" " ind2=" ">
    <subfield code="a">T&#xED;tulo original: Latin american development
Incluye notas a pie de p&#xE1;gina e &#xED;ndice anal&#xED;tico.</subfield>
  </datafield>
  <datafield tag="504" ind1=" " ind2=" ">
    <subfield code="a">Bibliograf&#xED;a: p&#xE1;ginas 275-279</subfield>
  </datafield>
  <datafield tag="505" ind1="0" ind2=" ">
    <subfield code="a">Enfoque te&#xF3;rico -- Enfoque por sectores -- Enfoque de operaciones</subfield>
  </datafield>
  <datafield tag="520" ind1="3" ind2=" ">
    <subfield code="a">Entre los pa&#xED;ses del Tercer Mundo, Latinoam&#xE9;rica atrae especialmente la atenci&#xF3;n por su singular fraternidad de origen y de idioma, por su situaci&#xF3;n geogr&#xE1;fica, por su abundante poblaci&#xF3;n y por la similitud entre algunos de sus problemas m&#xE1;s importantes.
DESARROLLO LATINOAMERICANO es un estudio serio, imparcial, a fondo, patrocinado y llevado al cabo por especialistas, no s&#xF3;lo en la materia, sino en los problemas espec&#xED;ficos de la regi&#xF3;n. El objeto de la obra no es &#xFA;nicamente plantear con claridad los problemas, sino tambi&#xE9;n aprovechar como modelos de posibles soluciones aquellos intentos y esfuerzos cuya eficacia ha sido demostrada. Evidentemente no es una obra "triunfalista", escrita con ese tipo de exaltaci&#xF3;n que a nada conduce. Tampoco es una cr&#xED;tica derrotista. Se trata de un examen sereno y objetivo, que sabe apreciar todos los factores positivos y proponer formas concretas para su aprovechamiento. Se inicia con una exposici&#xF3;n de conceptos que sirve de base a la aplicaci&#xF3;n pr&#xE1;ctica posterior, que adopta a su vez un enfoque por regiones en el que analiza todos los elementos: recursos humanos, ciencia y tecnolog&#xED;a, educaci&#xF3;n, industria, fomento rural, urbanizaci&#xF3;n, etc., y concluye con un examen de las perspectivas de acci&#xF3;n directa. Es evidente la importancia que en el conjunto de las naciones tiene un grupo tan numeroso de pa&#xED;ses, que cubre una gran superficie del globo, donde hay reservas natura les y materias primas de toda clase.
El desarrollo de Am&#xE9;rica Latina es un complejo problema que interesa ante todo a las mismas j&#xF3;venes naciones que buscan el lugar que les corresponde en la comunidad internacional, pero interesa tambi&#xE9;n a &#xE9;sta en su totalidad, porque gran parte de las esperanzas para el fu turo del mundo descansa en la feliz evoluci&#xF3;n y aprovechamiento de este rico continente</subfield>
  </datafield>
  <datafield tag="546" ind1=" " ind2=" ">
    <subfield code="a">Traducido del ingl&#xE9;s.</subfield>
  </datafield>
  <datafield tag="651" ind1=" " ind2="2">
    <subfield code="a">Am&#xE9;rica Latina</subfield>
    <subfield code="x">Pol&#xED;tica econ&#xF3;mica</subfield>
    <subfield code="9">36232</subfield>
  </datafield>
  <datafield tag="942" ind1=" " ind2=" ">
    <subfield code="2">ddc</subfield>
    <subfield code="c">BK</subfield>
  </datafield>
  <datafield tag="999" ind1=" " ind2=" ">
    <subfield code="c">8654</subfield>
    <subfield code="d">8654</subfield>
  </datafield>
  <datafield tag="952" ind1=" " ind2=" ">
    <subfield code="0">0</subfield>
    <subfield code="1">0</subfield>
    <subfield code="2">ddc</subfield>
    <subfield code="4">0</subfield>
    <subfield code="7">0</subfield>
    <subfield code="8">NFIC</subfield>
    <subfield code="a">CPL</subfield>
    <subfield code="b">CPL</subfield>
    <subfield code="d">2018-04-15</subfield>
    <subfield code="e">Donaci&#xF3;n</subfield>
    <subfield code="o">338.098 / W776d</subfield>
    <subfield code="p">430005603</subfield>
    <subfield code="r">2024-05-16 00:00:00</subfield>
    <subfield code="t">Ej.1</subfield>
    <subfield code="y">BK</subfield>
  </datafield>
</record>
